[Event "Julius Baer Rapid Div 2 L"]
[Site "chess.com INT"]
[Date "2023.08.31"]
[Round "1.1"]
[White "Chigaev, Maksim"]
[Black "Esipenko, Andrey"]
[Result "0-1"]
[WhiteTitle "GM"]
[BlackTitle "GM"]
[WhiteElo "2615"]
[BlackElo "2683"]
[WhiteFideId "4108116"]
[BlackFideId "24175439"]
[EventDate "2023.08.31"]
[EventType "k.o."]

1. c4 e6 2. g3 d5 3. Bg2 Nf6 4. d4 Be7 5. Nf3 O-O 6. O-O dxc4 7. Qc2 c6 8. a4 b6
9. Qxc4 Ba6 10. Qc2 Bb7 11. Rd1 Na6 12. Nc3 Nb4 13. Qb1 Qc8 14. Bg5 h6 15. Bxf6
Bxf6 16. Ne4 Be7 17. a5 Qc7 18. e3 c5 19. dxc5 bxc5 20. Ne1 Rad8 21. Nc3 Ba6 22.
h4 Rxd1 23. Qxd1 Rd8 24. Qa4 c4 25. Nf3 Bb7 26. Nd4 Bxg2 27. Kxg2 a6 28. Rd1 Rc8
29. Kg1 Nd3 30. Rb1 Bb4 31. Nce2 Be1 32. Rxe1 Nxe1 0-1

[Event "Julius Baer Rapid Div 2 L"]
[Site "chess.com INT"]
[Date "2023.08.31"]
[Round "1.1"]
[White "Iturrizaga Bonelli, Eduardo"]
[Black "Yakubboev, Nodirbek"]
[Result "1/2-1/2"]
[WhiteTitle "GM"]
[BlackTitle "GM"]
[WhiteElo "2615"]
[BlackElo "2617"]
[WhiteFideId "3901211"]
[BlackFideId "14203987"]
[EventDate "2023.08.31"]
[EventType "k.o."]

1. c4 e5 2. g3 Nf6 3. Bg2 d5 4. cxd5 Nxd5 5. Nf3 Nc6 6. O-O Be7 7. d4 e4 8. Ne5
f5 9. Nxc6 bxc6 10. Qc2 Bd7 11. Nc3 O-O 12. f3 exf3 13. Rxf3 Bf6 14. e3 Kh8 15.
Nxd5 cxd5 16. Bd2 c6 17. b4 g6 18. a4 Re8 19. Rff1 Kg7 20. Rab1 a6 21. Rfc1 h5
22. Rb3 h4 23. Be1 Bg5 24. Bf2 hxg3 25. hxg3 Re7 26. Qd3 Qb6 27. Bf1 Kf6 28. Rc5
Rh7 29. Bg2 Kg7 30. Qc3 Kf8 31. b5 axb5 32. axb5 Rb8 33. Qa1 Be7 34. Rc2 cxb5
35. Ra2 Bc8 36. Ra5 b4 37. Be1 Bd6 38. Bf1 Qc7 39. Ra8 Qc2 40. Rb2 Qxb2 41. Qxb2
Rxa8 42. Bxb4 Bxb4 43. Qxb4+ Re7 44. Qd6 Be6 45. Qe5 Kf7 46. Qf4 Kg8 47. Qg5 Rg7
48. Qf6 Bf7 49. Bg2 Re8 50. Kf2 Be6 51. Kf3 g5 52. Bf1 Kh7 53. Bd3 Rg6 54. Bxf5
Bxf5 55. Qxf5 Rd8 56. Kg4 Rd6 57. Qc2 Kg7 58. Qc7+ Kf8 59. Qc8+ Ke7 60. Qc7+ Kf8
61. Qc2 Kf7 62. Qf5+ Ke7 63. Kh5 Rg8 64. Qh7+ Kf8 65. Qf5+ Ke7 66. Qe5+ Kd7 67.
Kg4 Rgg6 68. Qf5+ Ke7 69. Kh5 Rg8 1/2-1/2

[Event "Julius Baer Rapid Div 2 L"]
[Site "chess.com INT"]
[Date "2023.08.31"]
[Round "1.1"]
[White "Dreev, Aleksey"]
[Black "Alekseev, Evgeny"]
[Result "1-0"]
[WhiteTitle "GM"]
[BlackTitle "GM"]
[WhiteElo "2606"]
[BlackElo "2573"]
[WhiteFideId "4100107"]
[BlackFideId "4138147"]
[EventDate "2023.08.31"]
[EventType "k.o."]

1. d4 Nf6 2. c4 e6 3. Nc3 d5 4. cxd5 exd5 5. Bg5 c6 6. e3 Be7 7. Bd3 Nbd7 8. Qc2
Nh5 9. Bxe7 Qxe7 10. Nge2 g6 11. O-O O-O 12. Rae1 Re8 13. Nc1 b6 14. Qa4 Bb7 15.
Ba6 Nf8 16. Nd3 Nf6 17. Rc1 Rec8 18. b4 Ne6 19. Rfd1 Bxa6 20. Qxa6 Qd6 21. h3
Nc7 22. Qa4 a5 23. Rc2 axb4 24. Qxb4 Qxb4 25. Nxb4 Na6 26. Nd3 Nc7 27. Rb1 Rab8
28. Ne5 Ne6 29. Na4 c5 30. Nxb6 Rc7 31. dxc5 Rxc5 32. Rcb2 Kg7 33. a4 d4 34.
Nbc4 Rxb2 35. Rxb2 dxe3 36. fxe3 Nd5 37. Rb5 f6 38. e4 Ndc7 39. Rxc5 Nxc5 40.
Nc6 Nxa4 41. Kf2 Nc5 42. Ke3 N5e6 43. Nd6 Kf8 44. h4 Ne8 45. Nc4 N8c7 46. g3 Ne8
47. Nb6 Nd6 48. Nd7+ Kf7 49. Kd3 Kg7 50. Nxf6 h6 51. Nd7 Kf7 52. Nce5+ Kg7 53.
Nc4 Nf7 54. Ne3 h5 55. Kc4 Nc7 56. Kc5 g5 57. Nf5+ Kg6 58. Nf8+ Kf6 59. Nh7+ Kg6
60. Nf8+ Kf6 61. Kd4 gxh4 62. gxh4 Nd8 63. Nd7+ Ke6 64. Nc5+ Kf6 65. Ke3 Nc6 66.
Nd3 Ne6 67. Ng3 Kg6 68. Nf4+ Nxf4 69. Kxf4 Nd4 70. Nf5 Nc6 71. e5 Kf7 72. Ke4
Nd8 73. Nd4 Kg6 74. Kd5 Nf7 75. e6 Nh6 76. Kd6 Kf6 77. Kd7 Ng8 78. Nc6 Kg7 79.
e7 Nf6+ 80. Kd8 Kf7 81. Ne5+ Ke6 82. Nd7 1-0

[Event "Julius Baer Rapid Div 2 L"]
[Site "chess.com INT"]
[Date "2023.08.31"]
[Round "1.1"]
[White "Mamedov, Rauf"]
[Black "Nihal, Sarin"]
[Result "1-0"]
[WhiteTitle "GM"]
[BlackTitle "GM"]
[WhiteElo "2640"]
[BlackElo "2694"]
[WhiteFideId "13401653"]
[BlackFideId "25092340"]
[EventDate "2023.08.31"]
[EventType "k.o."]

1. e4 c5 2. Nf3 d6 3. d4 cxd4 4. Nxd4 Nf6 5. Nc3 a6 6. Bg5 e6 7. f4 Be7 8. e5
dxe5 9. fxe5 Nfd7 10. Bxe7 Qxe7 11. Qh5 O-O 12. O-O-O g6 13. Qh6 Nxe5 14. Be2
Nbc6 15. Nxc6 bxc6 16. h4 Rb8 17. Qf4 f6 18. Ne4 c5 19. Rhf1 Kg7 20. h5 g5 21.
Qg3 Qb7 22. h6+ Kxh6 23. Rxf6+ Ng6 24. Rxg6+ 1-0

[Event "Julius Baer Rapid Div 2 L"]
[Site "chess.com INT"]
[Date "2023.08.31"]
[Round "1.2"]
[White "Nihal, Sarin"]
[Black "Mamedov, Rauf"]
[Result "1-0"]
[WhiteTitle "GM"]
[BlackTitle "GM"]
[WhiteElo "2694"]
[BlackElo "2640"]
[WhiteFideId "25092340"]
[BlackFideId "13401653"]
[EventDate "2023.08.31"]
[EventType "k.o."]

1. Nf3 c5 2. b3 Nf6 3. Bb2 d5 4. e3 a6 5. c4 dxc4 6. Bxc4 Nc6 7. O-O e6 8. d4
cxd4 9. Nxd4 Nxd4 10. Bxd4 Bd7 11. Nd2 Bc6 12. Be2 Be7 13. Rc1 O-O 14. Bf3 Nd5
15. Nc4 Rc8 16. Qd2 Nb4 17. Be2 Bb5 18. Qb2 Bf6 19. Rfd1 Bxd4 20. Rxd4 Qf6 21.
Qd2 Nc6 22. Rd7 Na5 23. Rd4 Nxc4 24. Bxc4 Bc6 25. Rd1 g6 26. h3 Qg5 27. Bf1 Qe5
28. g3 Qf5 29. Rf4 Qd5 30. Qxd5 Bxd5 31. Bg2 Bxg2 32. Kxg2 Rc7 33. Rd6 Kg7 34.
Rb4 Re8 35. a4 Ree7 36. g4 g5 37. Kg3 h6 38. h4 Red7 39. Rbd4 Rxd6 40. Rxd6 Kf6
41. h5 Ke5 42. Rd8 Kf6 43. Rd6 Ke5 44. Rb6 Ke4 45. a5 Ke5 46. f3 Kd5 47. b4 Ke5
48. Kg2 f5 49. gxf5 Kxf5 50. Kg3 Ke5 51. b5 axb5 52. Rxb5+ Kf6 53. f4 gxf4+ 54.
Kxf4 Rc4+ 55. e4 Ra4 56. Ke3 e5 57. Kf3 Ra3+ 58. Kg4 Ra4 59. Rb6+ Ke7 60. Rxb7+
Kd6 61. Kf5 Rxa5 62. Rb6+ Ke7 63. Rxh6 Kf7 64. Re6 Ra1 65. Rxe5 Rh1 66. Kg5 Rg1+
67. Kh6 Rg4 68. Rf5+ Ke6 69. Rg5 Rxe4 70. Kg7 Rf4 71. h6 Rf7+ 72. Kg8 Ra7 73. h7
Kf6 74. h8=Q+ Kxg5 75. Qe5+ Kg6 76. Qd6+ 1-0

[Event "Julius Baer Rapid Div 2 L"]
[Site "chess.com INT"]
[Date "2023.08.31"]
[Round "1.2"]
[White "Esipenko, Andrey"]
[Black "Chigaev, Maksim"]
[Result "1/2-1/2"]
[WhiteTitle "GM"]
[BlackTitle "GM"]
[WhiteElo "2683"]
[BlackElo "2615"]
[WhiteFideId "24175439"]
[BlackFideId "4108116"]
[EventDate "2023.08.31"]
[EventType "k.o."]

1. e4 g6 2. d4 Bg7 3. Nf3 d6 4. Bc4 e6 5. Bb3 h6 6. O-O a6 7. Nc3 Ne7 8. Ne2 b6
9. Ng3 Bb7 10. c3 Nd7 11. Re1 O-O 12. h3 Kh7 13. Bf4 Nc6 14. Qe2 e5 15. Be3 Qe7
16. Rad1 b5 17. a4 Na5 18. Bc2 Nc4 19. Bc1 Ncb6 20. axb5 axb5 21. Bd3 c6 22. Be3
Qe6 23. h4 Nc4 24. Bc1 Nf6 25. h5 Rae8 26. Qc2 Ng4 27. b3 Na5 28. d5 cxd5 29.
exd5 Bxd5 30. hxg6+ fxg6 31. Bxg6+ Qxg6 32. Qxg6+ Kxg6 33. Rxd5 Nxb3 34. Ba3 e4
35. Nxe4 Rf4 36. Rxd6+ Nf6 37. Nxf6 Rxe1+ 38. Nxe1 Bxf6 39. Rb6 Nd2 40. Bc1 Nc4
41. Rxb5 Re4 42. Nf3 Bxc3 43. Rc5 Bg7 1/2-1/2

[Event "Julius Baer Rapid Div 2 L"]
[Site "chess.com INT"]
[Date "2023.08.31"]
[Round "1.2"]
[White "Yakubboev, Nodirbek"]
[Black "Iturrizaga Bonelli, Eduardo"]
[Result "1-0"]
[WhiteTitle "GM"]
[BlackTitle "GM"]
[WhiteElo "2617"]
[BlackElo "2615"]
[WhiteFideId "14203987"]
[BlackFideId "3901211"]
[EventDate "2023.08.31"]
[EventType "k.o."]

1. e4 c5 2. Nf3 e6 3. d4 cxd4 4. Nxd4 a6 5. c4 Nf6 6. Nc3 Bb4 7. Qc2 Qc7 8. a3
Bxc3+ 9. Qxc3 Nxe4 10. Nb5 axb5 11. Qxg7 Rf8 12. Bh6 Qc5 13. f3 Nf6 14. Qxf6 Rg8
15. cxb5 d6 16. Rc1 Nd7 17. Qf4 Qh5 18. Qd2 Ne5 19. Be3 d5 20. Rc7 Nd7 21. Qd4
Qe5 22. Qxe5 Nxe5 23. f4 Nd7 24. b6 Kd8 25. Kf2 e5 26. fxe5 Nxe5 27. Bd4 Rg5 28.
Bb5 Rf5+ 29. Ke1 Bd7 30. Bxd7 Nxd7 31. Rf1 Rxf1+ 32. Kxf1 Ra4 33. Bf2 d4 34. Ke2
Nxb6 35. Rxb7 Nd7 36. Rb4 Ra6 37. Bxd4 Kc7 38. a4 Re6+ 39. Kf3 Kc6 40. a5 Kd5
41. Bc3 Rh6 42. h3 Nc5 43. Rf4 1-0

[Event "Julius Baer Rapid Div 2 L"]
[Site "chess.com INT"]
[Date "2023.08.31"]
[Round "1.2"]
[White "Alekseev, Evgeny"]
[Black "Dreev, Aleksey"]
[Result "1-0"]
[WhiteTitle "GM"]
[BlackTitle "GM"]
[WhiteElo "2573"]
[BlackElo "2606"]
[WhiteFideId "4138147"]
[BlackFideId "4100107"]
[EventDate "2023.08.31"]
[EventType "k.o."]

1. e4 c5 2. Nf3 Nc6 3. d4 cxd4 4. Nxd4 g6 5. c4 Bg7 6. Be3 Qb6 7. Nb5 Qa5+ 8.
N5c3 Nf6 9. Nd2 d6 10. Be2 O-O 11. O-O Be6 12. f4 a6 13. a3 Rfc8 14. b4 Qd8 15.
Rc1 Rab8 16. h3 Bd7 17. Nb3 Be8 18. Qd3 Ra8 19. Rfd1 Bd7 20. Bf3 Qe8 21. c5 Be6
22. Nd5 dxc5 23. Nxc5 Nxd5 24. exd5 Bf5 25. Qd2 Nd8 26. Bf2 b6 27. d6 exd6 28.
Bxa8 Rxa8 29. Nb3 Ne6 30. Nd4 Be4 31. Nxe6 Qxe6 32. Bxb6 d5 33. Bd4 Bh6 34. Rf1
Re8 35. Rc3 Bf8 36. Qf2 Qf5 37. Rc6 Bd3 38. Re1 Re4 39. Rxe4 dxe4 40. Qh4 h6 41.
Qf6 Qxf6 42. Bxf6 Kh7 43. Rc8 1-0

[Event "Julius Baer Rapid Div 2 L"]
[Site "chess.com INT"]
[Date "2023.08.31"]
[Round "1.3"]
[White "Mamedov, Rauf"]
[Black "Nihal, Sarin"]
[Result "1-0"]
[WhiteTitle "GM"]
[BlackTitle "GM"]
[WhiteElo "2640"]
[BlackElo "2694"]
[WhiteFideId "13401653"]
[BlackFideId "25092340"]
[EventDate "2023.08.31"]
[EventType "k.o."]

1. e4 e5 2. Nf3 Nc6 3. Bc4 Bc5 4. c3 Nf6 5. d4 exd4 6. cxd4 Bb4+ 7. Nbd2 Bxd2+
8. Bxd2 Nxe4 9. d5 Ne7 10. Bb4 d6 11. O-O O-O 12. Re1 a5 13. Ba3 Nf6 14. b3 Bg4
15. h3 Bxf3 16. Qxf3 Ng6 17. Bb2 a4 18. Rac1 Ne5 19. Bxe5 dxe5 20. Rxe5 Qd6 21.
Rce1 axb3 22. Qxb3 Nd7 23. Rg5 h6 24. Rg3 b6 25. Bb5 Nf6 26. Qb2 Nh5 27. Rge3
Nf6 28. Bc6 Ra5 29. Rg3 Rc5 30. Rc1 Rxc1+ 31. Qxc1 Nxd5 32. Bxd5 Qxd5 33. Qxh6
Qe5 34. Qd2 c5 35. f4 Qf6 36. Rd3 c4 37. Rd6 Qe7 38. Rc6 b5 39. Kh2 Re8 40. Qd5
Qe4 41. Qd6 b4 42. Rb6 b3 43. axb3 cxb3 44. Rxb3 Qe6 45. Qd3 Qe4 46. Qg3 g6 47.
Rb5 Qe3 48. Qh4 Qd4 49. Rb3 Qh8 50. Qg5 Qd4 51. f5 Qe5+ 52. Rg3 Kg7 53. Qg4 Qe4
54. Qg5 Qe5 55. h4 Rh8 56. Kh3 Qf6 57. fxg6 Qxg5 58. Rxg5 fxg6 59. Ra5 Rb8 60.
g3 Ra8 61. Rxa8 1-0

[Event "Julius Baer Rapid Div 2 L"]
[Site "chess.com INT"]
[Date "2023.08.31"]
[Round "1.3"]
[White "Alekseev, Evgeny"]
[Black "Dreev, Aleksey"]
[Result "1-0"]
[WhiteTitle "GM"]
[BlackTitle "GM"]
[WhiteElo "2573"]
[BlackElo "2606"]
[WhiteFideId "4138147"]
[BlackFideId "4100107"]
[EventDate "2023.08.31"]
[EventType "k.o."]

1. e4 c6 2. d4 d5 3. exd5 cxd5 4. Bd3 Nc6 5. c3 Nf6 6. h3 g6 7. Nf3 Bf5 8. Be2
Bg7 9. O-O Qc7 10. Re1 O-O 11. Be3 Rfe8 12. Nbd2 Ne4 13. Nb3 Rad8 14. Bf1 h6 15.
Nc1 Nd6 16. Nd3 Nc4 17. Bc1 Kh7 18. b3 Nd6 19. Bb2 Ne4 20. Rc1 Rc8 21. Qe2 Nd6
22. Nfe5 Qa5 23. Nxc6 Rxc6 24. Nb4 Rcc8 25. Qd1 Ne4 26. a3 Bf6 27. c4 Bg5 28.
Nxd5 Bxc1 29. Qxc1 Qd2 30. Re2 Qxc1 31. Bxc1 b5 32. g4 Be6 33. Nf4 Nc3 34. Re1
Bd7 35. Bd2 bxc4 36. Bxc4 g5 37. Bxf7 gxf4 38. Bxe8 Bxe8 39. Bxc3 Bf7 40. Bd2 f3
41. Rxe7 Kg6 42. Rxa7 h5 43. Kh2 hxg4 44. hxg4 Bxb3 45. Kg3 Rc1 46. Bxc1 1-0

[Event "Julius Baer Rapid Div 2 L"]
[Site "chess.com INT"]
[Date "2023.09.01"]
[Round "2.1"]
[White "Sarana, Alexey"]
[Black "Esipenko, Andrey"]
[Result "0-1"]
[WhiteTitle "GM"]
[BlackTitle "GM"]
[WhiteElo "2693"]
[BlackElo "2683"]
[WhiteFideId "24133795"]
[BlackFideId "24175439"]
[EventDate "2023.08.31"]
[EventType "k.o."]

1. d4 d5 2. c4 e6 3. Nc3 Nf6 4. cxd5 exd5 5. Bg5 c6 6. e3 h6 7. Bh4 Be7 8. Bd3
O-O 9. Qc2 Ne8 10. Bg3 Nd6 11. Nf3 Be6 12. O-O Nd7 13. Ne2 Nf6 14. Nf4 Bd7 15.
h3 Qc8 16. Ne5 Bf5 17. f3 Re8 18. Rae1 Bxd3 19. Qxd3 c5 20. dxc5 Qxc5 21. Ng4
Rad8 22. b3 d4 23. exd4 Qf5 24. Rd1 h5 25. Ne3 Qg5 26. Bh2 Bf8 27. Rfe1 g6 28.
a4 Bg7 29. Kh1 h4 30. d5 Bf8 31. Re2 b6 32. Qc2 Rc8 33. Qd2 Rcd8 34. Qd3 Nb7 35.
Ng4 Nc5 36. Rxe8 Nxd3 37. Rxd8 Nxg4 38. Nxd3 Qxd8 39. hxg4 Qxd5 40. Nf2 Qxb3 41.
Rd8 Qb1+ 42. Bg1 Kg7 43. Ne4 Ba3 44. Rd7 Kf8 45. Rxa7 Bb2 46. Rd7 h3 47. gxh3
Qf1 48. Nf2 Be5 49. Rd1 Qc4 50. Kg2 Qxa4 51. Rd5 Bf4 52. h4 Qc4 53. Rd8+ Ke7 54.
Ra8 b5 55. Ne4 b4 56. Ra7+ Kd8 57. Rb7 Kc8 58. Rb6 b3 59. Bf2 Kc7 60. Rf6 Be5
61. Nd2 Qd5 62. Rb6 Qxd2 63. Rxb3 Bd4 0-1

[Event "Julius Baer Rapid Div 2 L"]
[Site "chess.com INT"]
[Date "2023.09.01"]
[Round "2.1"]
[White "Fressinet, Laurent"]
[Black "Yakubboev, Nodirbek"]
[Result "1/2-1/2"]
[WhiteTitle "GM"]
[BlackTitle "GM"]
[WhiteElo "2643"]
[BlackElo "2617"]
[WhiteFideId "608742"]
[BlackFideId "14203987"]
[EventDate "2023.08.31"]
[EventType "k.o."]

1. d4 Nf6 2. Nf3 d5 3. c4 e6 4. Nc3 c5 5. e3 a6 6. cxd5 exd5 7. Bd3 Nc6 8. O-O
c4 9. Bc2 Bb4 10. Ne5 O-O 11. Bd2 Ne7 12. b3 b5 13. a4 Rb8 14. axb5 axb5 15. Rb1
Qd6 16. bxc4 bxc4 17. Qe1 Bf5 18. Rxb4 Bxc2 19. Rxb8 Rxb8 20. f3 Ne8 21. Qc1 Bf5
22. Be1 Rb3 23. Bg3 Qb4 24. Be1 Qd6 25. Bg3 Qd8 26. Qa1 f6 27. Ng4 Bxg4 28. fxg4
Nd6 29. Rc1 Nb5 30. Nxb5 Rxb5 31. Qa6 Qd7 32. h3 Rb3 33. Bf4 Qc6 34. Qa7 Kf7 35.
g5 Rb7 36. Qa3 Ng6 37. Rf1 Nxf4 38. exf4 Qb6 39. Qe3 Re7 40. Qf2 Re4 41. Rd1 c3
42. gxf6 Qxf6 43. g3 Qc6 44. Qc2 Qc4 45. Rd3 Rxd4 46. Rxc3 Rd1+ 47. Qxd1 Qxc3
48. Qxd5+ Kf6 49. Qg5+ Ke6 50. f5+ Kf7 51. Qh5+ Kf6 52. Qh4+ Kxf5 53. Qxh7+ Kf6
54. Qh4+ Kf7 55. Qf4+ Kg6 56. h4 Qe1+ 57. Kg2 Kh7 58. Qf5+ Kg8 59. Qd5+ Kh7 60.
Qf3 Qe6 61. g4 Kg8 62. h5 Qe5 63. Kh3 Qe6 64. Kh4 Qe7+ 65. Kh3 Qe6 66. Qd3 Qe5
67. Kg2 Qe6 68. Qd8+ Kh7 69. Qd3+ Kg8 70. Qf3 Qe5 71. Kh3 Qe6 1/2-1/2

[Event "Julius Baer Rapid Div 2 L"]
[Site "chess.com INT"]
[Date "2023.09.01"]
[Round "2.1"]
[White "Suleymanli, Aydin"]
[Black "Alekseev, Evgeny"]
[Result "0-1"]
[WhiteTitle "GM"]
[BlackTitle "GM"]
[WhiteElo "2588"]
[BlackElo "2573"]
[WhiteFideId "13413937"]
[BlackFideId "4138147"]
[EventDate "2023.08.31"]
[EventType "k.o."]

1. d4 Nf6 2. c4 e6 3. Nf3 d5 4. Nc3 Bb4 5. Qa4+ Nc6 6. e3 O-O 7. Qc2 b6 8. cxd5
exd5 9. Bd3 Ne7 10. O-O c5 11. dxc5 bxc5 12. a3 Ba5 13. Bd2 c4 14. Be2 Bf5 15.
Qc1 Rb8 16. Rd1 Qb6 17. Nd4 Bg6 18. Ra2 Rfc8 19. Be1 a6 20. f3 Rb7 21. Kh1 h6
22. Bg3 Rd7 23. Be5 Ne8 24. Na4 Qd8 25. Qa1 Nc6 26. Nxc6 Rxc6 27. Qc1 Qe7 28.
Bd4 Rd8 29. Bf1 Nc7 30. Bc5 Qe8 31. e4 dxe4 32. Rxd8 Qxd8 33. fxe4 Ne6 34. Bxc4
Nxc5 35. Bd5 Nxa4 36. Qxc6 Bxe4 37. Qxa4 Qxd5 38. b4 Bb6 39. Re2 Kh7 40. Qxa6
Qd1+ 41. Re1 Qxe1+ 0-1

[Event "Julius Baer Rapid Div 2 L"]
[Site "chess.com INT"]
[Date "2023.09.01"]
[Round "2.1"]
[White "Fedoseev, Vladimir3"]
[Black "Mamedov, Rauf"]
[Result "0-1"]
[WhiteTitle "GM"]
[BlackTitle "GM"]
[WhiteElo "2683"]
[BlackElo "2640"]
[WhiteFideId "24130737"]
[BlackFideId "13401653"]
[EventDate "2023.08.31"]
[EventType "k.o."]

1. d4 d5 2. c4 c6 3. Nc3 Nf6 4. cxd5 cxd5 5. Bf4 Nc6 6. e3 Bf5 7. Qb3 Na5 8.
Bb5+ Bd7 9. Qc2 e6 10. Bd3 Nc6 11. a3 Nh5 12. Be5 f6 13. Bg3 f5 14. Be2 Nf6 15.
Nh3 Be7 16. Nf4 O-O 17. Nd3 Rc8 18. Nc5 Bxc5 19. dxc5 d4 20. Nb5 Qa5+ 21. Kf1
Nb4 22. Qd2 Bxb5 23. Qxb4 Bxe2+ 24. Kxe2 Qa6+ 25. Ke1 dxe3 26. fxe3 Ne4 27. Rc1
Rfd8 28. Rc4 Rxc5 29. Qxc5 Nxc5 30. Rxc5 Qa4 31. Rc1 Qe4 32. Kf1 Rd2 33. Bf2 f4 0-1

[Event "Julius Baer Rapid Div 2 L"]
[Site "chess.com INT"]
[Date "2023.09.01"]
[Round "2.2"]
[White "Mamedov, Rauf"]
[Black "Fedoseev, Vladimir3"]
[Result "0-1"]
[WhiteTitle "GM"]
[BlackTitle "GM"]
[WhiteElo "2640"]
[BlackElo "2683"]
[WhiteFideId "13401653"]
[BlackFideId "24130737"]
[EventDate "2023.08.31"]
[EventType "k.o."]

1. e4 c5 2. c3 d5 3. exd5 Nf6 4. Nf3 Nxd5 5. Bb5+ Bd7 6. Bc4 Nb6 7. Bb3 Bf5 8.
d4 e6 9. O-O Be7 10. Be3 Na6 11. Nbd2 O-O 12. Re1 Nd5 13. Nf1 Rc8 14. Ng3 Nxe3
15. Rxe3 Bg6 16. Re1 cxd4 17. Nxd4 Bf6 18. Ne4 Bxd4 19. cxd4 Nb4 20. Qd2 Qb6 21.
Nc5 Rfe8 22. Rac1 Rcd8 23. Qe3 h6 24. h3 a5 25. Qc3 Rc8 26. Qg3 Kh7 27. Qf3 Re7
28. h4 h5 29. Qf4 Qd8 30. a3 Nc6 31. Rcd1 Qb6 32. Qg5 f6 33. Qe3 e5 34. Na4 Qb5
35. d5 Nd4 36. Rxd4 exd4 37. Qxe7 Re8 38. Qxe8 Bxe8 39. Bc2+ Bg6 40. Bd1 Qxd5
41. b4 axb4 42. axb4 Qc4 43. Kh2 Qxb4 44. Re6 b5 45. Nb6 Qd2 46. Bf3 Qxf2 47.
Nd7 Qxh4+ 48. Kg1 d3 49. Re7 Qd4+ 50. Kh1 d2 51. Nf8+ Kh6 52. Rxg7 Qh4+ 0-1

[Event "Julius Baer Rapid Div 2 L"]
[Site "chess.com INT"]
[Date "2023.09.01"]
[Round "2.2"]
[White "Esipenko, Andrey"]
[Black "Sarana, Alexey"]
[Result "1-0"]
[WhiteTitle "GM"]
[BlackTitle "GM"]
[WhiteElo "2683"]
[BlackElo "2693"]
[WhiteFideId "24175439"]
[BlackFideId "24133795"]
[EventDate "2023.08.31"]
[EventType "k.o."]

1. c4 e5 2. g3 g6 3. d4 exd4 4. Qxd4 Nf6 5. Nc3 Bg7 6. Qe3+ Qe7 7. Qxe7+ Kxe7 8.
Nh3 d6 9. Bg2 c6 10. O-O Be6 11. b3 Ne4 12. Nxe4 Bxa1 13. Nxd6 Kxd6 14. Ba3+ Kc7
15. Rxa1 Bxh3 16. Bxh3 Na6 17. f3 Rad8 18. Kf2 Rhe8 19. Bc1 f6 20. Bf4+ Kb6 21.
a3 c5 22. Rb1 Nc7 23. b4 cxb4 24. axb4 Ne6 25. Be3+ Nd4 26. Rb2 Kc6 27. Bg2 b6
28. f4+ Kc7 29. Ra2 Kb8 30. c5 bxc5 31. bxc5 Re7 32. c6 Rd6 33. Ra4 Ne6 34. Rb4+
Kc8 35. Ra4 Kb8 36. Rb4+ Kc8 37. Ra4 f5 38. Bxa7 Rd2 39. Bf3 Rb2 40. Be3 Kc7 41.
Bc1 Rc2 42. Be3 Kd6 43. Ra8 Rb2 44. Bc1 Rc2 45. Ba3+ Nc5 46. Ra5 Re8 47. h4 Rb8
48. Kg2 h5 49. Kf2 Rc8 50. Ke3 Rd8 51. Rxc5 Rxc5 52. Kd4 Ra8 53. Bxc5+ Kc7 54.
Kd5 1-0

[Event "Julius Baer Rapid Div 2 L"]
[Site "chess.com INT"]
[Date "2023.09.01"]
[Round "2.2"]
[White "Alekseev, Evgeny"]
[Black "Suleymanli, Aydin"]
[Result "1/2-1/2"]
[WhiteTitle "GM"]
[BlackTitle "GM"]
[WhiteElo "2573"]
[BlackElo "2588"]
[WhiteFideId "4138147"]
[BlackFideId "13413937"]
[EventDate "2023.08.31"]
[EventType "k.o."]

1. e4 c6 2. d4 d5 3. exd5 cxd5 4. Bd3 Nc6 5. c3 Nf6 6. Bf4 Bg4 7. Qb3 Qc8 8. Nd2
e6 9. Ngf3 Be7 10. O-O O-O 11. Qc2 Bh5 12. Rae1 Bg6 13. Bxg6 hxg6 14. Qd3 Nh5
15. Bg5 Bd6 16. g3 Qc7 17. Nb3 a5 18. a4 Nf6 19. Nbd2 Rab8 20. Re2 Rfe8 21. Kg2
Nd7 22. h4 f6 23. Be3 Ne7 24. Rfe1 Qc6 25. Qb5 Qxb5 26. axb5 Rbc8 27. Rc1 a4 28.
Ne1 Nf5 29. Nd3 Kf7 30. Nf3 Ra8 31. Bd2 Be7 32. Nf4 Nf8 33. Rce1 Bd6 34. g4 Nh6
35. Kh3 b6 36. Bc1 Ng8 37. g5 Re7 38. Kg4 Ra5 39. h5 gxh5+ 40. Kxh5 Rxb5 41. g6+
Ke8 42. Nxe6 Nxe6 43. Rxe6 Rxe6 44. Rxe6+ Kd7 45. Re2 Ne7 46. Nh4 a3 47. bxa3
Rb1 48. Rc2 b5 49. Kg4 Ke6 50. Re2+ Kd7 51. Rc2 Ra1 52. Nf5 Nxf5 53. Kxf5 Rb1
54. f3 Ra1 55. Kg4 Bf8 56. Kf5 Be7 57. f4 Bd6 58. Kg4 Ke6 59. Re2+ Kd7 60. Rc2
Rb1 61. Kf5 Bc7 62. Kg4 Ba5 63. Kf5 Kd6 64. Kg4 Ke6 65. Re2+ Kd7 66. Rc2 Ra1 67.
Kf5 Bc7 68. Kg4 Bd6 69. Kf5 Be7 70. Kg4 Bd6 71. Kf5 Rb1 72. Kg4 Bb8 73. Kf5 Bd6
74. Kg4 Rb3 75. Kf5 Ke7 76. Re2+ Kd7 77. Rc2 Be7 78. Kg4 Bxa3 79. Bxa3 Rxa3 80.
Kf5 Kd6 81. Rb2 Ra5 82. Rb1 Kc6 83. Ke6 Ra7 84. f5 Rb7 85. Rb2 Ra7 86. Rb1 Rb7 1/2-1/2

[Event "Julius Baer Rapid Div 2 L"]
[Site "chess.com INT"]
[Date "2023.09.01"]
[Round "2.2"]
[White "Yakubboev, Nodirbek"]
[Black "Fressinet, Laurent"]
[Result "1/2-1/2"]
[WhiteTitle "GM"]
[BlackTitle "GM"]
[WhiteElo "2617"]
[BlackElo "2643"]
[WhiteFideId "14203987"]
[BlackFideId "608742"]
[EventDate "2023.08.31"]
[EventType "k.o."]

1. e4 e5 2. Nf3 Nc6 3. Bb5 Nf6 4. O-O Nxe4 5. d4 Nd6 6. Bxc6 dxc6 7. dxe5 Nf5 8.
Qxd8+ Kxd8 9. Nc3 Ke8 10. Bf4 h6 11. h3 Bc5 12. Ne4 Bb6 13. Rad1 Be6 14. b3 a5
15. c4 a4 16. g4 Ne7 17. Kg2 Ng6 18. Bd2 Rd8 19. Bc1 Rd7 20. Kg3 Kd8 21. Bb2
Rxd1 22. Rxd1+ Kc8 23. Ne1 h5 24. Ng2 Nf8 25. Nf4 hxg4 26. hxg4 Bd7 27. Ng5 Be8
28. e6 f6 29. Ne4 Ng6 30. c5 Ba5 31. Nxg6 Bxg6 32. Nxf6 gxf6 33. Bxf6 Re8 34. f4
Bc2 35. Rd7 b5 36. bxa4 Rxe6 37. Rd8+ Kb7 38. Be5 bxa4 39. g5 Bf5 40. Rd4 a3 41.
Ra4 Be1+ 42. Kf3 Re7 43. Rxa3 Rh7 44. Ke2 Rh1 45. Re3 Ba5 46. Ra3 Be1 47. Re3
Ba5 48. Ra3 Be1 1/2-1/2

[Event "Julius Baer Rapid Div 2 L"]
[Site "chess.com INT"]
[Date "2023.09.01"]
[Round "2.3"]
[White "Mamedov, Rauf"]
[Black "Fedoseev, Vladimir3"]
[Result "0-1"]
[WhiteTitle "GM"]
[BlackTitle "GM"]
[WhiteElo "2640"]
[BlackElo "2683"]
[WhiteFideId "13401653"]
[BlackFideId "24130737"]
[EventDate "2023.08.31"]
[EventType "k.o."]

1. Nf3 Nf6 2. g3 g6 3. Bg2 Bg7 4. d3 O-O 5. e4 c5 6. O-O Nc6 7. Nc3 d5 8. exd5
Nxd5 9. Ne4 b6 10. Re1 Bb7 11. a3 h6 12. Rb1 a5 13. Bd2 Qd7 14. c4 Nc7 15. Qb3
Ra6 16. Bc3 a4 17. Qc2 e5 18. b4 axb3 19. Rxb3 Ne6 20. Qb2 Qc7 21. Rb1 Ncd4 22.
Bxd4 cxd4 23. c5 Bxe4 24. cxb6 Qb7 25. dxe4 Nc5 26. Rb4 Nd3 27. Qb3 Nxb4 28.
axb4 Rxb6 29. b5 Rb8 30. Bf1 Qxe4 31. Nd2 Qf5 32. Bd3 Qe6 33. Bc4 Qe7 34. h4 Kh7
35. h5 f5 36. Re1 e4 37. Nf3 g5 38. g4 Qc5 39. Nd2 e3 40. Nf3 fxg4 41. Nh2 Kh8
42. fxe3 g3 43. Nf3 Qf5 44. Rf1 dxe3 45. Nh4 Qh3 46. Nf3 g2 0-1